000 00577nam a22002177a 4500
003 UA-OsUOA
001 77148
007 ta
008 20110901b un ||||| |||| 00| 0 ukr d
100 _aРибак С.
090 _a330
_bР49
942 _cSA
040 _aUA-OsUOA
_bukr
_cUA-OsUOA
_dUA-OsUOA
245 _aБюджетна стратегія: українські реалії та зарубіжний досвід
300 _aС.40-46
955 _a0
041 _aukr
080 _a330
773 0 _w77140
650 7 _a330 Економіка взагалі
_2UDC
999 _c363455
_d363455